01535nam a2200277 a 450000100100000000500170001000800410002704000250006808200180009310000300011124501610014126000430030230000280034550000550037350400410042865000470046965000420051670000420055804900090060095201310060995201310074095201310087195201220100295201160112499900170124000001511220200929163947.0100201s2003 dr 001 0 spa d aDO-SdBNPbspacBNPHU a338.82bL864o1 aLópez Reyes, Oscar975014aLos oligopolios en la comunicación :bimpacto sobre la democracia y el derecho a la información /cOscar López Reyes ; prólogo Juan Manuel García. aSanto Domingo :bBanco Central,c2003. a136 p. :bil. ;c24 cm. aIncluye datos biográficos del autor en la solapa aIncluye bibliografía (p. 131 -136) 4aOligopolioszRepública Dominicana934207 4aComunicación en los negocios9342081 aGarcía, Juan Manuelepról.921032 aBNPD 001052708DSaGRbGRcCTd2010-02-01iLF1l0o338.82 L864op15112-30r2020-06-25te. 3w2020-06-25yLFDSZPréstamo interno 001052708DSaGRbGRcCTd2010-02-01iLF1l0o338.82 L864op15112-40r2020-06-25te. 4w2020-06-25yLFDSZPréstamo interno 001052708DSaGRbGRcCTd2010-02-01iLF1l0o338.82 L864op15112-50r2020-06-25te. 5w2020-06-25yLFDSZPréstamo interno 0010718PDaPDbPDcCTd2010-02-01iLF1l0o338.82 L864op15112-10r2020-06-25te. 2w2020-06-25yLFPDZNo se presta 0010718PDaPDbPDcCTd2010-02-01iLF1l0o338.82 L864op15112-20r2020-06-25w2020-06-25yLFPDZNo se presta c14684d14684